Miasta według losowych podpowiedzi - Statystyki

Ogólne statystyki
  • Ten quiz został rozwiązany 21 razy
  • Średni wynik to 6 z 20
Statystyki odpowiedzi
Wskazówka Miasto % Poprawnych
Siedziba Unii Afrykańskiej Addis Abeba
100%
Stolica Turcji Ankara
100%
Dawniej znany jako „Paryż Bliskiego Wschodu” Bejrut
100%
Miasto podzielone na dwie części do lat 90. Berlin
100%
Miasto w Ameryce Południowej, którego nazwa oznacza „Pogodne wiatry” Buenos Aires
100%
Największe miasto w Szkocji Glasgow
100%
Miasto z najbardziej ruchliwym portem w Niemczech Hamburg
100%
Stolica Gujany Francuskiej Kajenna
100%
Miasto, w którym znajduje się najbardziej utytułowany klub piłkarski w Europie Madryt
100%
Siedziba Bollywood Mumbaj
100%
Wraz z Kioto i Kobe miasto to tworzy drugi co do wielkości obszar miejski Japonii Osaka
100%
Największe miasto na Sycylii Palermo
100%
Jedyna stolica państwowa rozpoczynająca się na literę Q Quito
100%
Stolica Portoryko San Juan
100%
Lokalizacja Zimowych Igrzysk Olimpijskich w 2014 roku Soczi
100%
Najludniejsze miasto w Izraelu Tel Awiw
100%
Miasto w Afryce Północnej, którego nazwa oznacza „trzy miasta” po grecku Trypolis
100%
Stolica sądownicza Republiki Południowej Afryki Bloemfontein
50%
Papież Jan Paweł II był biskupem tego miasta, drugiego pod względem liczby ludności w swoim kraju Kraków
50%
Miasto, w którym rozegrała się akcją powieści „Romeo i Julia” Werona
33%
Była stolica Jemenu Aden
0%
Słynie z Tadż Mahal Agra
0%
Główne miasto nad Morzem Śródziemnym nazwane na cześć założyciela, który utworzył to miasto w 331 p.n.e. Aleksandria
0%
Miasto największej populacji Francuzów w Afryce do prawie wszystkich, którzy odeszli w latach 60. Algier
0%
Była stolica Kazachstanu, wciąż jego najludniejsze miasto Ałmaty
0%
Nazywana „Wenecją Północy” Amsterdam
0%
Stolica Imperium Khmerów Angkor
0%
Miasto leżące w Belgii, które zorganizowało Igrzyska Olimpijskie Antwerpia
0%
Miasto w pobliżu Kilimandżaro, które zaczyna się na „A” Arusza
0%
Kiedyś nazywany Nur-sułtanem do 2022 roku Astana
0%
Egipskie miasto słynące z tamy Asuan
0%
Gdzie odbyły się pierwsze nowożytne igrzyska olimpijskie? Ateny
0%
Miasto, w którym jest położone najbardziej ruchliwe lotnisko na świecie Atlanta
0%
„Sky Tower” tego miasta to najwyższa wolnostojąca konstrukcja na półkuli południowej Auckland
0%
Splądrowanie tego miasta przez Mongołów zakończyło Złoty Wiek Islamu Bagdad
0%
Największe miasto w Indochinach Bangkok
0%
Tam, gdzie powstaje „Sagrada Familia” Barcelona
0%
Najbardziej wysunięte na północ miasto w Kolumbii z populacją ponad 500 000 mieszkańców Barranquilla
0%
Tureckie miasto, a nie superbohater DC Batman
0%
Stolica Jugosławii Belgrad
0%
Była stolica Belize Belize City
0%
Terroryści zaatakowali konsulat USA tego miasta nad Morzem Śródziemnym w 2012 roku Bengazi
0%
Hiszpańskie miasto z Muzeum Guggenheima Bilbao
0%
Stolica Kirgistanu Biszkek
0%
Nazywany Santa Fe, zanim jego nazwa została zmieniona przez Simona Bolivara Bogota
0%
Francuskie miasto nazywane „Światową Stolicą Wina” Bordeaux
0%
W 1773 r. odbyło się tu „Przyjęcie herbaciane” Boston
0%
Założone w 1960 roku, które zostało zaprojektowane na planie samolotu Brasília
0%
Stolica zaledwie 60 km od Wiednia Bratysława
0%
Znajduje się tam posąg Atomium i Manneken Pis (siusiający chłopiec) Bruksela
0%
Najbardziej wysunięte miasto na południe w Półwyspie Kalifornijskim Cabo San Lucas
0%
Najpopularniejsze miasto turystyczne na półwyspie Jukatan Cancun
0%
Afrykańskie miasto, którego nazwa oznacza „Biały Dom” Casablanca
0%
Drugi najbardziej zaludniony obszar miejski na Filipinach Cebu
0%
Kiedyś nazywany Madras Ćennaj
0%
Położony u zbiegu Białego i Błękitnego Nilu Chartum
0%
Znajduje się tam Willis Tower, niegdyś najwyższy budynek na świecie Chicago
0%
Po drugiej stronie rzeki od El Paso Ciudad Juarez
0%
Była stolica Imperium Inków Cuzco
0%
Najbardziej wysunięte na zachód miasto w kontynentalnej Afryce Dakar
0%
Pierwsza stolica kalifatu Umajjadów Damaszek
0%
Duże miasto w Afryce Wschodniej, którego nazwa po arabsku oznacza „siedzibę pokoju” Dar es Salaam
0%
Znajdziesz tu Świątynię Lotosu, ale zanieczyszczenie powietrza może uniemożliwić Ci jej zauważenie Delhi
0%
Amerykańskie „miasto na wysokości mil” Denver
0%
Stolica Tanzanii Dodoma
0%
Miasto, w którym został rozegrany finał Mistrzostw Świata 2022 Doha
0%
Najludniejsze miasto w Kamerunie Duala
0%
Tu znajduje się najwyższy budynek świata Dubaj
0%
Miejsce powstania wielkanocnego w 1916 roku Dublin
0%
Największe miasto na półkuli południowej, położone na 6° równoleżniku na południe Dżakarta
0%
Stolica Dżibuti Dżibuti
0%
Miejsce planowanej „Jeddah Tower”, która, jeśli zostanie ukończona, będzie najwyższym budynkiem na świecie Dżudda
0%
Najbardziej zaludnione miasto zaczynające się na E Edmonton
0%
Nazwę dzieli z nakryciem głowy w kształcie ściętego stożka Fez
0%
Kiedyś nazywany Danzig Gdańsk
0%
Miasto położone w pobliżu Wielkiego Zderzacza Hadronów Genewa
0%
Stolica Burundi od 2019 roku Gitega
0%
Jeżeli przyjdziesz do tego miasta, to zobaczysz piramidy i Wielkiego Sfinksa Giza
0%
Ostatnie muzułmańskie miasto w Hiszpanii Granada
0%
Najludniejsze miasto w Ekwadorze Guayaquil
0%
Siedziba Międzynarodowego Trybunału Sprawiedliwości ONZ Haga
0%
Nazwa wspólna dla jednego z dziesięciu największych miast w Indiach i Pakistanie Hajdarabad
0%
Najludniejsze miasto w Nowej Szkocji Halifax
0%
Wojna hiszpańsko-amerykańska rozpoczęła się po tym jak pancernik USS "Maine" zatonęło w porcie tego miasta Hawana
0%
Najludniejsze miasto na Krecie Heraklion
0%
Najludniejsze miasto w Tasmanii Hobart
0%
Obsługiwane przez międzynarodowe lotnisko Tân Sơn Nhất Ho Chi Minh
0%
Miasto z największą liczbą drapaczy chmur na świecie Hong Kong
0%
Największe miasto na wyspie Oahu Honolulu
0%
Wojska ONZ wylądowały tutaj w 1950 roku, aby odnieść wielkie zwycięstwo w wojnie koreańskiej Inczon
0%
Stolica, której nazwa oznacza „Miasto Islamu” Islamabad
0%
Święte miasto trzech religii Abrahamowych Jerozolima
0%
Największe miasto mówiące po paszto Kabul
0%
Trzecie najbardziej zaludnione miasto na literę K Kair
0%
Najludniejsze miasto nad Jeziorem Wiktorii Kampala
0%
Najbardziej wysunięte na południe miasto w Afryce Kapsztad
0%
Najbardziej zaludnione miasto Pakistanu Karaczi
0%
Większość wspinaczy na Mount Everest poleciała do tej stolicy Katmandu
0%
Największe miasto nad Dnieprem Kijów
0%
Stolica Saint Vincent i Grenadyny, różni się jedną literą od stolicy Jamajki Kingstown
0%
Kiedyś nazywany Leopoldsville Kinszasa
0%
Najbardziej zaludnione miasto w zagłębiu Ruhry Kolonia
0%
Miasto położone na wyspie Zelandia Kopenhaga
0%
Miasto, w którym były najwyższe budynki na świecie w latach 1998-2004 Kuala Lumpur
0%
Największe miasto w Afryce Subsaharyjskiej Lagos
0%
Ma najwyższe wzniesienie ze wszystkich stolic państwowych La Paz
0%
Stolica Tybetu Lhasa
0%
Południowoamerykańskie miasto, nazwana od rodzaju fasoli Lima
0%
Skąd pochodzą Beatlesi Liverpool
0%
Miasto, które spłonęło w 1666 roku po pożarze na Pudding Lane Londyn
0%
Przedmieścia obejmują Santa Monica i Beverly Hills Los Angeles
0%
Ze względu na ożywienie naftowe ta afrykańska stolica przez chwile była nazywana najdroższym miastem na świecie Luanda
0%
W czasach starożytnych to miasto nad Nilem było znane jako Teby Luksor
0%
Hazardowa stolica Azji Makau
0%
Najbardziej zaludnione miasto w Amazonii Manaus
0%
Miasto, którego nad którego zatoką, w której rozegrano bitwy wojny hiszpańsko-amerykańskiej i II wojny światowej Manila
0%
Miasto, od którego nazwano francuskim hymnem narodowym Marsylia
0%
Siedziba kartelu Pabla Escobara Medellin
0%
Stolica mody we Włoszech Mediolan
0%
Miejsce śmierci Mahomet Medyna
0%
Miliony przyjeżdżają tu każdego roku na hadżdż Mekka
0%
Najbardziej zaludniony obszar miejski w Ameryce Północnej Meksyk
0%
Najbardziej wysunięte na południe miasto na świecie z populacją powyżej 1 miliona Melbourne
0%
Miasto, w którym jest położnona posiadłość Elvisa Presleya w Graceland Memphis
0%
Główny port Kenii Mombasa
0%
Stolica Afryki nazwana na cześć prezydenta USA Monrovia
0%
Miasto na północ od La Platy Montevideo
0%
Główne miasto na wyspie nad rzeką Świętego Wawrzyńca Montreal
0%
Napoleon zdobył to miasto w 1812 roku, ale żałowałby tego Moskwa
0%
Drugie miasto, w którym zrzucono bombą atomową Nagasaki
0%
Miasto, którego nazwa oznacza „Stolica południa”, zostało brutalnie splądrowane przez Japonię w 1937 roku Nanjing
0%
Stolica Mjanmy Naypyidaw
0%
Stolica Nigru Niamey
0%
Miasto słynące z procesów o zbrodnie wojenne podczas II wojny światowej Norymberga
0%
Cztery z pięciu dzielnic znajdują się na wyspach Nowy Jork
0%
Amerykańskie miasto nazywane „Wielkim łatwym” Nowy Orlean
0%
Stolica Grenlandii Nuuk
0%
Większość odwiedzających Disney World przyleci na lotnisko w tym mieście Orlando
0%
Stolica państwa w Ameryce Środkowej o tej samej nazwie co miasto na Florydzie Zachodniej Panama
0%
To miasto jest powszechnie uważane za centrum Oświecenia w XVIII wieku Paryż
0%
Gdzie turyści mogą odwiedzić „Zakazane Miasto” Pekin
0%
Stolica Australii Zachodniej Perth
0%
Założona w 1703 r. u zbiegu rzeki Newy z Morzem Bałtyckim Petersburg
0%
Miasto o tej samej nazwie co największa wyspa Tajlandii Phuket
0%
Mieszka tu Kim Jong-un Pjongjang
0%
Największy port Sudanu Port Sudan
0%
To liczące około 50 000 mieszkańców miasto zostało całkowicie opuszczone po awarii elektrowni atomowej w Czarnobylu Prypeć
0%
De facto stolica Palestyny Ramallah
0%
Zanglicyzowani do Rangoon Rangun
0%
To miasto rozpoczynające się literą „R” jest najbardziej wysuniętym na wschód dużym miastem w Ameryce Południowej Recife
0%
Miasto, w którym jest największe święto karnawału na świecie Rio de Janeiro
0%
Miasto, na którym są wzgórza takie jak: Kapitol i Palatyn Rzym
0%
Gdzie urodził się Mozart Salzburg
0%
Zniszczony przez trzęsienie ziemi w 1906 roku San Francisco
0%
Stolica, której nazwa oznacza po hiszpańsku „Święty Zbawiciel” San Salvador
0%
Założona w 1496 roku stolica jest najstarszą europejską osadą w obu Amerykach Santo Domingo
0%
Najludniejsze miasto w Ameryce Północnej São Paulo
0%
Największe miasto na Hokkaido Sapporo
0%
Gdzie został zastrzelony arcyksiążę Franciszek Ferdynand Sarajewo
0%
Największe miasto nad Puget Sound Seattle
0%
W okolicach tego miasta położone są Myeong-dong i Gangnam Seul
0%
Posługuje się językiem angielskim, mandaryńskim, malajskim i tamilskim Singapur
0%
Kiedyś nazywany Bizancjum i Konstantynopol Stambuł
0%
Parlament Europejski jest położony w tym francuskim mieście na granicy z Niemcami Strasburg
0%
Kapitan Cook wylądował w mieście nad Zatoką Botaniczną w 1770 roku Sydney
0%
Również słowo oznaczające „zmusić kogoś do dołączenia do załogi statku poprzez porwanie” Szanghaj
0%
Większość Nagród Nobla przyznawana jest tutaj Sztokholm
0%
Meksykańskie miasto położone zaledwie kilka kilometrów na południe od San Diego Tijuana
0%
Centralny węzeł systemu kolei superszybkiej Shinkansen Tokio
0%
Znany wówczas jako York, został zniszczony przez żołnierzy amerykańskich podczas wojny 1812 roku Toronto
0%
Położony w pobliżu ruin Kartaginy Tunis
0%
Stolica „autonomicznego” regionu Sinciang-Ujgur Urumczi
0%
Zachodni terminal Kolei Transkanadyjskiej Vancouver
0%
Miasto, w którym stłumiono powstanie w getcie w 1943 roku Warszawa
0%
Główne miasto nad rzeką Potomac Waszyngton
0%
Miasto, w którym jest Pałac Schönbrunn Wiedeń
0%
Największy port nad Pacyfikiem w Rosji Władywostok
0%
Kiedyś nazywany Stalingrad Wołgograd
0%
Miasto znane z Terakotowych Wojowników Xi'an
0%
Jedyna stolica państwowa rozpoczynająca się na literę Z Zagrzeb
0%
Nie znaleziono quizów pasujących do podanych kryteriów
Rozkład punktacji
Procent ludzi z każdym wynikiem
Percentyl według liczby udzielonych odpowiedzi
Twoja historia wyników
Nie rozwiązałeś tego quizu